000
00339cam a2200145ua 4500
041
_a
eng
_h
082
_a
925
_b
BAR/CE
100
_a
Barnett, S A .
245
_a
Century of Darwin /
_c
S A Barnett.
_h
Textual Documents
260
_a
London :
_b
Heinemann ,
_c
1959.
300
_a
376 ; .
504
_a
942
_c
BK
999
_c
6094
_d
6094